Mechanics of materials / (رقم التسجيلة. 35444)

تفاصيل مارك
000 -الفاتح
حقل البيانات ثابتة الطول 01009pam a2200289 a 4500
001 - رقم الضبط
رقم الضبط 1070790
003 - محدد رقم الضبط
رقم الضبط OSt
005 - وقت وتاريخ اخر تعامل مع التسجيلة
رقم الضبط 20150408114221.0
008 - عناصر البيانات ثابتة الطول - معلومات عامة
حقل البيانات ثابتة الطول 910628s2012 nyua 001 0 eng
010 ## - رقم ضبط مكتبة الكونجرس
رقم ضبط مكتبة الكونجرس 91026945
020 ## - الرقم الدولى المعيارى للكتب
الرقم الدولى المعيارى للكتاب 9780071314398
040 ## - مصدر الفهرسة
وكالة الفهرسة الأصلية DLC
وكالة النسخ DLC
وكالة التعديل DLC
050 00 - رقم طلب مكتبة الكونجرس
رقم التصنيف TA405
رقم المادة .B39 1992
082 00 - رقم تصنيف ديوى العشرى
رقم التصنيف 620.112
رقم الطبعة 22
رقم المادة BFM
100 1# - المدخل الرئيسى - إسم شخصى
الإسم الشخصى Beer, Ferdinand Pierre,
التواريخ المصاحبة للاسم 1915-
245 10 - بيان العنوان
العنوان Mechanics of materials /
بيان المسئوليه,etc Ferdinand P. Beer, E. Russell Johnston, Jr., with the collaboration of John T. DeWolf.
250 ## - بيان الطبعة
بيان الطبعة 2nd ed.
260 ## - PUBLICATION, DISTRIBUTION, ETC. (IMPRINT)
مكان الناشر او الموزع New York :
اسم الناشر او الموزع McGraw-Hill,
تاريخ النشر أو التوزيع 2012
300 ## - الوصف المادى
التعداد xix, 740 p. :
تفاصيل ماديه اخرى للوعاء col. ill. ;
أبعاد الوعاء 25 cm.
500 ## - تبصرة عامة
تبصرة عامة Includes index.
650 #0 - المدخل الاضافى بالموضوع-مصطلح موضوعى
مصطلح موضوعي أو اسم جغرافي كعنصر مدخل Strength of materials.
9 (RLIN) 12054
700 1# - المدخل الاضافى - اسم شخصى
الإسم الشخصى Johnston, E. Russell
الشكل الأكمل للاسم (Elwood Russell),
التواريخ المصاحبة للاسم 1925-
700 1# - المدخل الاضافى - اسم شخصى
الإسم الشخصى DeWolf, John T.
9 (RLIN) 39624
906 ## - عنصر بيانات محلى F, LDF (RLIN)
a 7
b cbc
c orignew
d 1
e ocip
f 19
g y-gencatlg
942 ## - عناصر المدخل الإضافي( كوها)
مصدر التصنيف او مخطط الترفيف Dewey Decimal Classification
Koha [default] item type كتاب
المقتنيات
حالة الفقد نموذج السعر الفعال حالة تلف ليس للاعارة رقم الطلب تاريخ الاكتساب الموقع الحالي الباركود الفرع الرئيسي Date last seen نوع المادة فى نظام كوها مصدر التصنيف او خطة الترفيف Total Checkouts
  2014-07-08     620.112 BFM 2014-07-08 المكتبة المركزية بالمجمعة (CL) 00652066 المكتبة المركزية بالمجمعة (CL) 2014-07-08 كتاب Dewey Decimal Classification  
  2014-07-08     620.112 BFM 2014-07-08 المكتبة المركزية بالمجمعة (CL) 00652067 المكتبة المركزية بالمجمعة (CL) 2014-07-08 كتاب Dewey Decimal Classification  
  2014-07-08     620.112 BFM 2014-07-08 المكتبة المركزية بالمجمعة (CL) 00652068 المكتبة المركزية بالمجمعة (CL) 2014-07-08 كتاب Dewey Decimal Classification  
  2014-07-08     620.112 BFM 2014-07-08 مكتبة مجمع الكليات بالزلفى - طلاب (SZM) 00652069 مكتبة مجمع الكليات بالزلفى - طلاب (SZM) 2014-07-08 كتاب Dewey Decimal Classification  
  2014-07-08     620.112 BFM 2014-07-08 مكتبة مجمع الكليات بالزلفى - طلاب (SZM) 00652070 مكتبة مجمع الكليات بالزلفى - طلاب (SZM) 2014-07-08 كتاب Dewey Decimal Classification